| 000 | 00507nam a22001817a 4500 | ||
|---|---|---|---|
| 003 | CEME | ||
| 005 | 20210628203320.0 | ||
| 008 | 210122b xxu||||| |||| 00| 0 eng d | ||
| 040 | _c. | ||
| 082 | _a362.11 BUR | ||
| 100 |
_aBurgess, Ernest W, Locke, Harvey J, Thomes, Mary Margaret _964669 |
||
| 245 | _aThe family, from institution to companionship | ||
| 250 | _a3RD | ||
| 260 |
_aISLAMABAD _bNATIONAL BOOK FOUNDATION _c2007 |
||
| 300 | _aXIV,582 P | ||
| 650 |
_aSOCIAL LIFE _964670 |
||
| 942 |
_cBK _2ddc |
||
| 999 |
_c573095 _d573095 |
||